000 00674nam a22002057a 4500
003 OSt
005 20230127142009.0
008 221006b |||||||| |||| 00| 0 eng d
040 _cBiblioteca Lado V
082 _a757.422
_bB749t
100 _etextos
_9692
_aBotschafter, Herr
245 _aThomas Luchinger/
260 _bLichtdruck AG
_aCosta Rica
_c1990
300 _c30x38cm
_bPinturas
650 _2Tesauro de Arte & Arquitectura
_aARTE
650 _2Tesauro de Arte & Arquitectura
_aTHOMAS LUCHINGER
650 _2Tesauro de Arte & Arquitectura
_aPINTURA ACUARELA
700 _aRobinson, Alistair
_etextos
942 _2ddc
_c1
_h751.422
_iB749t
_n0
999 _c2978
_d2978